South American Countries by Economy - Statistics

General Stats
  • This quiz has been taken 97 times
  • The average score is 10 of 12
Answer Stats
Economy Per Capita Country % Correct
$1.2 T $26.660 Argentina
100%
$3.7 T $23.100 Brazil
100%
$940.5 B $18.220 Colombia
96%
$582.1 B $30.000 Chile
92%
$513.7 B $15.030 Peru
91%
$288.0 B $12.660 Ecuador
85%
$10.6 B $17.300 Suriname
82%
$160.1 B $5.950 Venezuela
82%
$30.2 B $38.250 Guyana
81%
$107.5 B $14.430 Paraguay
81%
$102.3 B $28.560 Uruguay
81%
$117.8 B $9.850 Bolivia
77%
No matching quizzes found
Score Distribution
Percent of People with Each Score
Percentile by Number Answered
Your Score History
You have not taken this quiz